000 00401nam a22001571a 4500
020 _a9789359599311
082 _a050
_bMAM/M
245 _aManorama yearbook 2026 (English)/
_cby Mamman Mathew (ed.)
250 _a61th.
260 _aKottayam:
_bMalayala Manorama,
_c2026.
300 _a1007p.
650 _aYearbook
650 _aGeneral Knowledge
700 _aMamman Mathew (ed.)
942 _cREF
999 _c181396
_d181396